[Event "Odessa U20"]
[Site "Odessa"]
[Date "1989.??.??"]
[Round "?"]
[White "Janjgava, Lasha"]
[Black "Kramnik, Vladimir"]
[Result "1/2-1/2"]
[WhiteElo "2470"]
[BlackElo "2490"]
[PlyCount "108"]
[EventDate "1989.??.??"]
[EventType "tourn"]
[EventRounds "5"]
[EventCountry "URS"]
[EventCategory "8"]
[SourceTitle "EXT 2005"]
[Source "ChessBase"]
[SourceDate "2004.11.15"]
[SourceVersion "1"]
[SourceVersionDate "2004.11.15"]
[SourceQuality "1"]

1. d4 f5 2. c4 Nf6 3. Nc3 g6 4. g3 Bg7 5. Bg2 O-O 6. Nh3 Nc6 7. O-O d6 8. d5
Ne5 9. Qc2 c5 10. b3 a6 11. Bb2 Rb8 12. a4 b6 13. Nf4 Ne8 14. h4 Nc7 15. Rfb1
h6 16. Nd1 Qe8 17. Nh3 Bd7 18. Ne3 Ng4 19. Bxg7 Kxg7 20. Qc3+ Nf6 21. a5 e5 22.
dxe6 Nxe6 23. Nc2 g5 24. hxg5 hxg5 25. Rd1 g4 26. Nf4 Nxf4 27. gxf4 Bc6 28.
Bxc6 Qxc6 29. Ne3 Kg6 30. Qd3 Qe4 31. Qxe4 Nxe4 32. f3 gxf3 33. exf3 Nf6 34.
Rxd6 bxa5 35. Nd5 Kg7 36. Nc7 Kf7 37. Ne6 Rfe8 38. Ng5+ Kg7 39. Rxa5 Rxb3 40.
Ne6+ Kh8 41. Rxc5 Rxf3 42. Rxf5 Rg3+ 43. Kf1 Ne4 44. Rxa6 Nd2+ 45. Kf2 Ne4+ 46.
Ke2 Rh3 47. Rf8+ Rxf8 48. Nxf8 Nc3+ 49. Ke1 Ne4 50. Ne6 Rc3 51. Rc6 Kg8 52. Kd1
Rg3 53. Rc7 Rg2 54. c5 Nc3+ 1/2-1/2

[Event "Odessa U20"]
[Site "Odessa"]
[Date "1989.??.??"]
[Round "?"]
[White "Kramnik, Vladimir"]
[Black "Ulybin, Mikhail"]
[Result "1-0"]
[WhiteElo "2490"]
[BlackElo "2470"]
[PlyCount "109"]
[EventDate "1989.??.??"]
[EventType "tourn"]
[EventRounds "5"]
[EventCountry "URS"]
[EventCategory "8"]
[SourceTitle "EXT 2005"]
[Source "ChessBase"]
[SourceDate "2004.11.15"]
[SourceVersion "1"]
[SourceVersionDate "2004.11.15"]
[SourceQuality "1"]

1. e4 e6 2. d4 d5 3. Nd2 Nf6 4. e5 Nfd7 5. Bd3 c5 6. c3 Nc6 7. Ne2 cxd4 8. cxd4
f6 9. exf6 Nxf6 10. O-O Bd6 11. Nf3 O-O 12. Bf4 Bxf4 13. Nxf4 Ne4 14. Qc1 Ng5
15. Nxg5 Qxg5 16. Ne2 Qf6 17. Qe3 Bd7 18. Bb5 Rac8 19. g3 a6 20. Bxc6 Rxc6 21.
Rac1 Re8 22. Nf4 e5 23. dxe5 Qxe5 24. Qb3 Rxc1 25. Rxc1 Bc6 26. Rd1 Kh8 27. h4
d4 28. Qd3 Rd8 29. Kh2 Rd6 30. Kg1 g5 31. hxg5 Qxg5 32. Re1 Qh6 33. f3 Qg5 34.
Kf2 Qh6 35. Kg2 Qf6 36. Rh1 Rd7 37. Rh5 Kg8 38. Rf5 Qe7 39. Qc4+ Kh8 40. Ne6 d3
41. Rf8+ Qxf8 42. Nxf8 d2 43. Nxd7 d1=Q 44. Qc3+ Kg8 45. Ne5 Qe2+ 46. Kh3 Bd7+
47. g4 Be6 48. Kg3 Bxa2 49. b3 Qd1 50. Qc4+ Kh8 51. Qc8+ Kg7 52. Qxb7+ Kh8 53.
Nf7+ Kg7 54. Ng5+ Kg6 55. Qxh7+ 1-0

[Event "Odessa U20"]
[Site "Odessa"]
[Date "1989.??.??"]
[Round "?"]
[White "Tiviakov, Sergei"]
[Black "Kramnik, Vladimir"]
[Result "1-0"]
[WhiteElo "2480"]
[BlackElo "2490"]
[PlyCount "107"]
[EventDate "1989.??.??"]
[EventType "tourn"]
[EventRounds "5"]
[EventCountry "URS"]
[EventCategory "8"]
[SourceTitle "EXT 2005"]
[Source "ChessBase"]
[SourceDate "2004.11.15"]
[SourceVersion "1"]
[SourceVersionDate "2004.11.15"]
[SourceQuality "1"]

1. e4 c5 2. Nf3 Nc6 3. c3 Nf6 4. e5 Nd5 5. d4 cxd4 6. Bc4 e6 7. cxd4 d6 8. O-O
Be7 9. Qe2 O-O 10. Qe4 dxe5 11. dxe5 Qc7 12. Bd3 g6 13. Bh6 Rd8 14. Nbd2 b6 15.
Rac1 Bb7 16. a3 Rac8 17. h4 Qd7 18. Bb1 Bf8 19. Bxf8 Rxf8 20. Qg4 f5 21. exf6
Nxf6 22. Qg5 Qd5 23. Rfe1 Rcd8 24. Ne4 Nh5 25. Qg4 Nf4 26. Nc3 Qh5 27. Qxh5
gxh5 28. Ng5 Rd7 29. Nxe6 Nxe6 30. Ba2 Ncd4 31. Bxe6+ Nxe6 32. Rxe6 Rg7 33. g3
Rgf7 34. Rc2 Bc8 35. Re5 Bg4 36. f4 Rd8 37. Nd5 Bf3 38. Rd2 Kf8 39. Kf2 Bg4 40.
Ke3 Rfd7 41. Rd3 a5 42. Ke4 Rd6 43. Rc3 Bd7 44. Rc7 Bh3 45. Ne3 Bd7 46. Rxh5
Re8+ 47. Kf3 Bc6+ 48. Ke2 Rde6 49. Kf2 h6 50. Re5 Rxe5 51. fxe5 Be4 52. Ng4 Re6
53. Rc4 Bf5 54. Rf4 1-0

[Event "RSFSR-ch"]
[Site "Kuibyshev"]
[Date "1990.??.??"]
[Round "?"]
[White "Kramnik, Vladimir"]
[Black "Isupov, Vladimir"]
[Result "1-0"]
[WhiteElo "2450"]
[BlackElo "2315"]
[Annotator "Knaak,R"]
[PlyCount "49"]
[EventDate "1990.??.??"]
[EventType "tourn"]
[EventRounds "15"]
[EventCountry "URS"]
[EventCategory "6"]
[SourceTitle "CBM 021"]
[Source "ChessBase"]
[SourceDate "1991.04.01"]
[SourceVersion "1"]
[SourceVersionDate "1991.04.01"]
[SourceQuality "1"]

1. c4 g6 2. d4 Bg7 3. e4 d6 4. Nc3 Nf6 5. f3 O-O 6. Be3 Nc6 7. Nge2 a6 8. Qd2
Rb8 9. h4 e5 10. d5 Na5 (10... Ne7 11. c5) 11. Ng3 c5 12. Rb1 $5 $16 (12. h5)
12... b6 (12... b5 13. cxb5 axb5 14. Nxb5 {/\ Nd6}) 13. h5 Bd7 14. b4 $1 cxb4
15. Rxb4 Qc7 16. h6 Bh8 17. Qb2 b5 18. cxb5 Rfc8 19. bxa6 $1 $18 Rxb4 20. Qxb4
Qxc3+ 21. Qxc3 Rxc3 22. a7 Rc8 23. Ba6 Ra8 24. O-O Be8 25. Rc1 1-0

[Event "EU-ch U21"]
[Site "Arnhem"]
[Date "1990.12.21"]
[Round "1"]
[White "Kramnik, Vladimir"]
[Black "Atkinson, Paul"]
[Result "1-0"]
[WhiteElo "2450"]
[BlackElo "2295"]
[PlyCount "87"]
[EventDate "1990.12.21"]
[EventType "swiss"]
[EventRounds "11"]
[EventCountry "NED"]
[SourceTitle "EXT 2004"]
[Source "ChessBase"]
[SourceDate "2003.11.25"]
[SourceVersion "1"]
[SourceVersionDate "2003.11.25"]
[SourceQuality "1"]

1. d4 Nf6 2. c4 c5 3. d5 b5 4. cxb5 a6 5. e3 g6 6. Nc3 Bg7 7. Bc4 d6 8. Nf3 O-O
9. O-O Nbd7 10. e4 Nb6 11. Be2 axb5 12. Bxb5 Ba6 13. Qc2 Bxb5 14. Nxb5 Qd7 15.
Nc3 Ng4 16. Rd1 Na4 17. Bd2 Rfb8 18. b3 Nb6 19. h3 Ne5 20. Nxe5 Bxe5 21. a4 Ra7
22. Nb5 Rab7 23. Bc3 Bxc3 24. Qxc3 Na8 25. Rab1 Nc7 26. Na3 Na6 27. Nc4 f6 28.
f4 Nb4 29. e5 Kg7 30. Rb2 Rd8 31. Qf3 fxe5 32. fxe5 Rf8 33. Qg3 Qf5 34. exd6
Nxd5 35. Kh2 e6 36. Re2 Rd7 37. a5 Qf6 38. Rde1 Re8 39. Rf2 Qd8 40. Ref1 Kg8
41. Qe5 Qh4 42. Rd2 Qd8 43. Re1 Kf7 44. Qe4 1-0

[Event "EU-ch U21"]
[Site "Arnhem"]
[Date "1990.12.22"]
[Round "2"]
[White "Comas Fabrego, Luis"]
[Black "Kramnik, Vladimir"]
[Result "1/2-1/2"]
[WhiteElo "2365"]
[BlackElo "2450"]
[PlyCount "40"]
[EventDate "1990.12.21"]
[EventType "swiss"]
[EventRounds "11"]
[EventCountry "NED"]
[SourceTitle "EXT 2004"]
[Source "ChessBase"]
[SourceDate "2003.11.25"]
[SourceVersion "1"]
[SourceVersionDate "2003.11.25"]
[SourceQuality "1"]

1. Nf3 d6 2. e4 Nf6 3. Nc3 c6 4. d4 Bg4 5. Be2 e6 6. O-O Be7 7. Be3 d5 8. Nd2
Bxe2 9. Qxe2 dxe4 10. Ncxe4 Nbd7 11. Nxf6+ Nxf6 12. Nf3 O-O 13. c4 Qa5 14. b3
Rad8 15. Rad1 Ne4 16. Bc1 Qf5 17. Bb2 Nf6 18. h3 Rfe8 19. a3 Rd7 20. Rfe1 Qa5
1/2-1/2

[Event "EU-ch U21"]
[Site "Arnhem"]
[Date "1990.12.23"]
[Round "3"]
[White "Kramnik, Vladimir"]
[Black "Moldovan, Daniel"]
[Result "1/2-1/2"]
[WhiteElo "2450"]
[BlackElo "2375"]
[PlyCount "88"]
[EventDate "1990.12.21"]
[EventType "swiss"]
[EventRounds "11"]
[EventCountry "NED"]
[SourceTitle "EXT 2009"]
[Source "ChessBase"]
[SourceDate "2008.11.26"]
[SourceVersion "1"]
[SourceVersionDate "2008.11.26"]
[SourceQuality "1"]

1. e4 c5 2. Nf3 Nc6 3. d4 cxd4 4. Nxd4 g6 5. c4 Bg7 6. Be3 Nf6 7. Nc3 O-O 8.
Be2 b6 9. O-O Bb7 10. f3 Qb8 11. Qd2 Rd8 12. Rad1 d6 13. Qe1 Rd7 14. Qh4 Qf8
15. Kh1 Rad8 16. Rd2 Nxd4 17. Bxd4 Ne8 18. Bxg7 Nxg7 19. f4 f5 20. Bf3 e5 21.
Rdf2 Rf7 22. fxe5 dxe5 23. exf5 Nxf5 24. Qg5 Bxf3 25. Rxf3 Rd4 26. Nd5 e4 27.
Rf4 e3 28. Rxd4 e2 29. Rdf4 exf1=R+ 30. Rxf1 Ng3+ 31. hxg3 Rxf1+ 32. Kh2 Qc5
33. Qd8+ Kg7 34. Qd7+ Rf7 35. Qe8 Qd6 36. Qe4 Rf5 37. Nf4 Qe5 38. Qb7+ Rf7 39.
Qc8 Re7 40. b4 h5 41. Qc6 Qe4 42. Qd6 Re5 43. Qc7+ Re7 44. Qd6 Re5 1/2-1/2

[Event "EU-ch U21"]
[Site "Arnhem"]
[Date "1990.12.24"]
[Round "4"]
[White "Zoler, Dan"]
[Black "Kramnik, Vladimir"]
[Result "1/2-1/2"]
[WhiteElo "2285"]
[BlackElo "2450"]
[PlyCount "142"]
[EventDate "1990.12.21"]
[EventType "swiss"]
[EventRounds "11"]
[EventCountry "NED"]
[SourceTitle "EXT 2009"]
[Source "ChessBase"]
[SourceDate "2008.11.26"]
[SourceVersion "1"]
[SourceVersionDate "2008.11.26"]
[SourceQuality "1"]

1. c4 f5 2. Nf3 Nf6 3. b3 d6 4. d4 g6 5. Bb2 Bg7 6. g3 O-O 7. Bg2 Na6 8. O-O c6
9. Nbd2 Rb8 10. Ne1 e5 11. dxe5 Nd7 12. Nd3 dxe5 13. e4 Nac5 14. Nxc5 Nxc5 15.
exf5 Bxf5 16. Ba3 Qa5 17. Bxc5 Qxc5 18. Ne4 Qe7 19. Qe2 Rbd8 20. Rad1 Rd4 21.
Rd3 Rfd8 22. Rxd4 exd4 23. Rd1 a5 24. h4 a4 25. Bf3 axb3 26. axb3 Rf8 27. Qd3
h6 28. Kg2 g5 29. hxg5 hxg5 30. Kg1 Qb4 31. Bg2 Bg6 32. Rd2 g4 33. Re2 Qa3 34.
Qd1 Bf5 35. Re1 Qb4 36. Re2 Ra8 37. Qd3 Ra1+ 38. Kh2 Qf8 39. Qd2 Qd8 40. Qf4 d3
41. Rd2 Qd7 42. Qg5 Qe6 43. Rxd3 Qh6+ 44. Qxh6 Bxh6 45. Rd8+ Kg7 46. Rb8 Ra7
47. Nd6 Bc2 48. Nc8 Ra2 49. Rxb7+ Kf6 50. Rb6 Bf8 51. Rxc6+ Ke5 52. Nb6 Bf5 53.
Nd5 Rxf2 54. Nf4 Rb2 55. Rb6 Bc5 56. Rb8 Rb1 57. Ne2 Bd7 58. Rd8 Ke6 59. Rg8
Rxb3 60. Rxg4 Rb2 61. Nf4+ Kf7 62. Nd3 Bxg4 63. Nxb2 Be2 64. Be4 Bd4 65. Nd3
Kf6 66. Kh3 Be3 67. g4 Kg5 68. Bf5 Bf1+ 69. Kg3 Be2 70. Ne5 Bf4+ 71. Kf2 Bxg4
1/2-1/2

[Event "EU-ch U21"]
[Site "Arnhem"]
[Date "1990.12.26"]
[Round "5"]
[White "Mitkov, Nikola"]
[Black "Kramnik, Vladimir"]
[Result "1-0"]
[WhiteElo "2335"]
[BlackElo "2450"]
[PlyCount "73"]
[EventDate "1990.12.21"]
[EventType "swiss"]
[EventRounds "11"]
[EventCountry "NED"]
[SourceTitle "EXT 2004"]
[Source "ChessBase"]
[SourceDate "2003.11.25"]
[SourceVersion "1"]
[SourceVersionDate "2003.11.25"]
[SourceQuality "1"]

1. e4 e6 2. d4 d5 3. Nc3 Nf6 4. e5 Nfd7 5. f4 c5 6. Nf3 Nc6 7. Be3 a6 8. Qd2 b5
9. Qf2 b4 10. Na4 cxd4 11. Nxd4 Bb7 12. Bd3 Be7 13. O-O g6 14. Rae1 O-O 15. Nf3
Rc8 16. b3 Re8 17. h4 Bf8 18. h5 Ne7 19. hxg6 fxg6 20. g4 Bg7 21. Ng5 Rc6 22.
Qh2 Nf8 23. Nf3 d4 24. Nxd4 Rc7 25. Nf3 Nd5 26. Bc5 Rxc5 27. Nxc5 Qb6 28. Qf2
Nxf4 29. Qd4 Nh3+ 30. Kh2 Bxf3 31. Kxh3 Bd5 32. Qf4 Qc7 33. Nxa6 Qb7 34. Rf2
Kh8 35. Qxb4 Qa7 36. Qc5 Qb7 37. Qc7 1-0

[Event "EU-ch U21"]
[Site "Arnhem"]
[Date "1990.12.28"]
[Round "7"]
[White "Martens, Martin"]
[Black "Kramnik, Vladimir"]
[Result "0-1"]
[WhiteElo "2325"]
[BlackElo "2450"]
[PlyCount "72"]
[EventDate "1990.12.21"]
[EventType "swiss"]
[EventRounds "11"]
[EventCountry "NED"]
[SourceTitle "EXT 2004"]
[Source "ChessBase"]
[SourceDate "2003.11.25"]
[SourceVersion "1"]
[SourceVersionDate "2003.11.25"]
[SourceQuality "1"]

1. e4 c5 2. Nf3 Nc6 3. Bb5 e6 4. O-O Nge7 5. c3 a6 6. Ba4 b5 7. Bc2 Bb7 8. Re1
d5 9. d3 d4 10. cxd4 cxd4 11. Nbd2 Ng6 12. a3 Be7 13. g3 O-O 14. b4 a5 15. bxa5
Rxa5 16. Bb2 Ra6 17. a4 bxa4 18. Bxa4 Nge5 19. Nxe5 Nxe5 20. Nb3 Bb4 21. Rf1
Bc3 22. Bxc3 dxc3 23. Nc5 Rb6 24. Bc2 Qd6 25. Na4 Rc6 26. f4 Qd4+ 27. Kg2 Nd7
28. Qe1 f5 29. Qf2 Qd6 30. Kg1 Rc7 31. Qe3 Nf6 32. Rfe1 Ng4 33. Qe2 Qd4+ 34.
Kg2 h5 35. h3 fxe4 36. dxe4 Ba6 0-1

[Event "EU-ch U21"]
[Site "Arnhem"]
[Date "1990.12.29"]
[Round "8"]
[White "Van Wely, Loek"]
[Black "Kramnik, Vladimir"]
[Result "0-1"]
[WhiteElo "2400"]
[BlackElo "2450"]
[PlyCount "126"]
[EventDate "1990.12.21"]
[EventType "swiss"]
[EventRounds "11"]
[EventCountry "NED"]
[SourceTitle "EXT 2004"]
[Source "ChessBase"]
[SourceDate "2003.11.25"]
[SourceVersion "1"]
[SourceVersionDate "2003.11.25"]
[SourceQuality "1"]

1. d4 e6 2. c4 f5 3. g3 Nf6 4. Bg2 c6 5. Nf3 d5 6. O-O Bd6 7. b3 Qe7 8. Bb2 b6
9. Ne5 Bb7 10. Nd2 O-O 11. Ndf3 Nbd7 12. Qc2 Rac8 13. cxd5 cxd5 14. Qd3 Ne4 15.
Nxd7 Qxd7 16. Ne5 Qe7 17. f3 Nf6 18. Rac1 Nd7 19. Rxc8 Rxc8 20. Nxd7 Qxd7 21.
e4 dxe4 22. fxe4 Bxe4 23. Bxe4 fxe4 24. Qxe4 Be7 25. Re1 Bf6 26. Re2 Qd5 27.
Qxd5 exd5 28. Kf2 Kf7 29. Ke3 h5 30. h3 b5 31. Kd3 b4 32. Re1 Rc6 33. a3 bxa3
34. Bxa3 Ra6 35. Bb2 Kg6 36. Bc3 Ra3 37. Ra1 Rxa1 38. Bxa1 Kf5 39. Ke3 g5 40.
Kf3 g4+ 41. hxg4+ hxg4+ 42. Ke3 Be7 43. Bc3 Bd6 44. Be1 Ke6 45. Kd3 Kd7 46. Ke2
Kc6 47. Kd3 Kb5 48. Kc2 a5 49. Kd3 a4 50. bxa4+ Kxa4 51. Bf2 Kb3 52. Be1 Kb2
53. Bf2 Kc1 54. Be3+ Kd1 55. Bf2 Ba3 56. Ke3 Bc1+ 57. Kd3 Bd2 58. Be3 Be1 59.
Bf4 Bf2 60. Be5 Ke1 61. Kc3 Ke2 62. Kb4 Kf3 63. Kc5 Ke4 0-1

[Event "EU-ch U21"]
[Site "Arnhem"]
[Date "1990.12.30"]
[Round "9"]
[White "Kramnik, Vladimir"]
[Black "Stefansson, Hannes"]
[Result "1-0"]
[WhiteElo "2450"]
[BlackElo "2420"]
[PlyCount "79"]
[EventDate "1990.12.21"]
[EventType "swiss"]
[EventRounds "11"]
[EventCountry "NED"]
[SourceTitle "EXT 2004"]
[Source "ChessBase"]
[SourceDate "2003.11.25"]
[SourceVersion "1"]
[SourceVersionDate "2003.11.25"]
[SourceQuality "1"]

1. d4 Nf6 2. c4 e6 3. Nc3 d5 4. cxd5 exd5 5. Bg5 c6 6. e3 Bf5 7. Qf3 Bg6 8.
Bxf6 Qxf6 9. Qxf6 gxf6 10. O-O-O Nd7 11. Bd3 h5 12. Nf3 h4 13. Kc2 f5 14. g3
hxg3 15. hxg3 Rxh1 16. Rxh1 Ke7 17. Ne2 Bg7 18. Nf4 Rh8 19. Rg1 Bf6 20. Kd2 Nf8
21. Ng2 Ne6 22. Ngh4 Bxh4 23. Nxh4 Kf6 24. Nf3 Ng5 25. Nxg5 Kxg5 26. Be2 Rh2
27. Ke1 Kf6 28. Bf3 Bh5 29. Bxh5 Rxh5 30. Ke2 Ke6 31. Rc1 Kd6 32. b4 a6 33. Kf3
Rh2 34. a4 Rh8 35. Kf4 Ke6 36. Ra1 Rh2 37. Kf3 Kd6 38. Rc1 Rh8 39. Kg2 Kc7 40.
Rb1 {Time} 1-0

[Event "EU-ch U21"]
[Site "Arnhem"]
[Date "1990.12.31"]
[Round "10"]
[White "Djurhuus, Rune"]
[Black "Kramnik, Vladimir"]
[Result "1-0"]
[WhiteElo "2405"]
[BlackElo "2450"]
[PlyCount "49"]
[EventDate "1990.12.21"]
[EventType "swiss"]
[EventRounds "11"]
[EventCountry "NED"]
[SourceTitle "EXT 2004"]
[Source "ChessBase"]
[SourceDate "2003.11.25"]
[SourceVersion "1"]
[SourceVersionDate "2003.11.25"]
[SourceQuality "1"]

1. e4 d6 2. d4 Nf6 3. Nc3 c6 4. f4 Qa5 5. Bd3 e5 6. dxe5 dxe5 7. f5 Nbd7 8. Nf3
b5 9. O-O a6 10. Kh1 c5 11. Re1 c4 12. Bf1 Bc5 13. Bg5 Ng4 14. Bh4 Bb7 15. a4
b4 16. Bxc4 Ndf6 17. Nd5 O-O-O 18. Qe2 h5 19. h3 Nxd5 20. Bxd5 f6 21. Nd2 Bxd5
22. exd5 Nh6 23. Nb3 Qb6 24. Qc4 Nxf5 25. Bf2 1-0

[Event "EU-ch U21"]
[Site "Arnhem"]
[Date "1991.01.02"]
[Round "11"]
[White "Kramnik, Vladimir"]
[Black "Reinderman, Dimitri"]
[Result "1/2-1/2"]
[WhiteElo "2450"]
[BlackElo "2245"]
[PlyCount "110"]
[EventDate "1990.12.21"]
[EventType "swiss"]
[EventRounds "11"]
[EventCountry "NED"]
[SourceTitle "EXT 2009"]
[Source "ChessBase"]
[SourceDate "2008.11.26"]
[SourceVersion "1"]
[SourceVersionDate "2008.11.26"]
[SourceQuality "1"]

1. d4 Nf6 2. c4 e5 3. dxe5 Ng4 4. Bf4 Nc6 5. Nf3 Bb4+ 6. Nc3 Bxc3+ 7. bxc3 Qe7
8. Qd5 f6 9. exf6 Nxf6 10. Qd3 d6 11. g3 Ne4 12. Bg2 O-O 13. Qe3 Bd7 14. Ng5
Nc5 15. Qxe7 Nxe7 16. Be3 h6 17. Bxc5 dxc5 18. Nf3 Nc6 19. Nd2 Rae8 20. e3 Ne5
21. O-O b6 22. h3 Be6 23. Bd5 c6 24. Bxe6+ Rxe6 25. Rfd1 Nd3 26. f4 Nb2 27.
Rdb1 Na4 28. Kf2 Rd8 29. Nf1 Nxc3 30. Rb3 Ne4+ 31. Kf3 Re7 32. Rc1 Kf7 33. Rb2
Rd3 34. Rb3 Nd2+ 35. Nxd2 Rxd2 36. a3 Red7 37. Rcc3 Ke6 38. h4 h5 39. a4 Ra2
40. Ra3 Rdd2 41. Ke4 g6 42. Rxa2 Rxa2 43. Kf3 Rxa4 44. e4 a5 45. e5 Rb4 46. Rd3
Rxc4 47. Rd6+ Kf7 48. Rf6+ Kg7 49. Rxc6 b5 50. Rc7+ Kf8 51. Ra7 b4 52. Ra8+ Ke7
53. Ra7+ Ke8 54. Ra8+ Ke7 55. Ra7+ Ke8 1/2-1/2

[Event "Gdynia"]
[Site "Gdynia"]
[Date "1991.??.??"]
[Round "?"]
[White "Kramnik, Vladimir"]
[Black "Serper, Grigory"]
[Result "1/2-1/2"]
[WhiteElo "2480"]
[BlackElo "2490"]
[PlyCount "39"]
[EventDate "1991.??.??"]
[EventType "tourn"]
[EventRounds "11"]
[EventCountry "POL"]
[SourceTitle "EXT 2010"]
[Source "ChessBase"]
[SourceDate "2010.11.25"]
[SourceVersion "1"]
[SourceVersionDate "2010.11.25"]
[SourceQuality "1"]

1. c4 Nf6 2. Nc3 e6 3. d4 Bb4 4. g3 c5 5. Nf3 cxd4 6. Nxd4 Ne4 7. Qd3 Bxc3+ 8.
bxc3 Nc5 9. Qf3 d6 10. Bg2 Nbd7 11. O-O Ne5 12. Qf4 Bd7 13. Nb3 Rc8 14. Qd4 f6
15. Qxd6 b6 16. Qd4 Na4 17. Nd2 Bc6 18. Bh3 Qe7 19. f4 Nf7 20. Qe3 1/2-1/2

[Event "Rio de Janeiro schev"]
[Site "Rio de Janeiro"]
[Date "1991.09.??"]
[Round "1"]
[White "Mascarenhas, Alberto Pinheiro"]
[Black "Kramnik, Vladimir"]
[Result "1/2-1/2"]
[WhiteElo "2280"]
[BlackElo "2480"]
[PlyCount "110"]
[EventDate "1991.??.??"]
[EventType "schev"]
[EventRounds "12"]
[EventCountry "BRA"]
[SourceTitle "EXT 2003"]
[Source "ChessBase"]
[SourceDate "2002.11.25"]
[SourceVersion "1"]
[SourceVersionDate "2002.11.25"]
[SourceQuality "1"]

1. d4 f5 2. Nf3 Nf6 3. g3 g6 4. Bg2 Bg7 5. O-O O-O 6. c4 d6 7. Nc3 Na6 8. Rb1
c6 9. d5 Bd7 10. b3 Nc7 11. Bb2 a6 12. b4 Qe8 13. dxc6 Bxc6 14. b5 Bd7 15. a4
Rb8 16. Ba3 Ne6 17. Nd5 Ne4 18. Nd2 N4c5 19. Nb6 Qd8 20. a5 Kh8 21. Nb3 Nxb3
22. Qxb3 Be8 23. e3 Nc7 24. Qd3 Bf7 25. Rfd1 Qe8 26. h4 Be6 27. Bb2 Qf7 28. Bd4
Bf6 29. Bxf6+ Qxf6 30. Bd5 Rfd8 31. Kg2 Bd7 32. Nxd7 Rxd7 33. b6 Ne8 34. Qa3 e6
35. Bf3 Rc8 36. c5 d5 37. Rbc1 Qe7 38. Rd2 Nf6 39. Qb2 Kg8 40. Qe5 Rdd8 41. c6
Nd7 42. Qc7 bxc6 43. Qb7 Qd6 44. Qxa6 Nc5 45. Rxc5 Qxc5 46. b7 Rb8 47. Rb2 Rd7
48. Qa8 Rdxb7 49. Qxb8+ Rxb8 50. Rxb8+ Kg7 51. a6 Qa5 52. Rb7+ Kf6 53. Be2 c5
54. a7 c4 55. Rxh7 e5 1/2-1/2

[Event "Rio de Janeiro schev"]
[Site "Rio de Janeiro"]
[Date "1991.09.??"]
[Round "2"]
[White "Kramnik, Vladimir"]
[Black "Mascarenhas, Alberto Pinheiro"]
[Result "1-0"]
[WhiteElo "2480"]
[BlackElo "2280"]
[PlyCount "79"]
[EventDate "1991.??.??"]
[EventType "schev"]
[EventRounds "12"]
[EventCountry "BRA"]
[SourceTitle "EXT 2003"]
[Source "ChessBase"]
[SourceDate "2002.11.25"]
[SourceVersion "1"]
[SourceVersionDate "2002.11.25"]
[SourceQuality "1"]

1. d4 Nf6 2. c4 c5 3. d5 e5 4. Nc3 d6 5. e4 Nbd7 6. Nf3 Be7 7. g4 Nf8 8. g5
N6d7 9. h4 Ng6 10. Be3 h6 11. Rg1 hxg5 12. hxg5 a6 13. Qd2 Ndf8 14. Rb1 Bd7 15.
b4 b6 16. a3 Qc8 17. Be2 Rh3 18. Kd1 Nf4 19. Bxf4 exf4 20. Qxf4 Ng6 21. Qc1 Bg4
22. Ne1 Ne5 23. f4 Bxe2+ 24. Nxe2 Nd3 25. Qc2 Nxe1 26. Kxe1 Rxa3 27. Rh1 Rh3
28. Rxh3 Qxh3 29. bxc5 bxc5 30. Kd2 Bd8 31. Qa4+ Kf8 32. Qc6 Ba5+ 33. Kc2 Rd8
34. Rb8 Qe3 35. Rxd8+ Bxd8 36. Qxd6+ Ke8 37. Qc6+ Kf8 38. Nc3 Ba5 39. Qc8+ Ke7
40. d6+ 1-0

[Event "Rio de Janeiro schev"]
[Site "Rio de Janeiro"]
[Date "1991.09.??"]
[Round "3"]
[White "Toth, Peter"]
[Black "Kramnik, Vladimir"]
[Result "0-1"]
[WhiteElo "2240"]
[BlackElo "2480"]
[PlyCount "48"]
[EventDate "1991.??.??"]
[EventType "schev"]
[EventRounds "12"]
[EventCountry "BRA"]
[SourceTitle "EXT 2003"]
[Source "ChessBase"]
[SourceDate "2002.11.25"]
[SourceVersion "1"]
[SourceVersionDate "2002.11.25"]
[SourceQuality "1"]

1. e4 c5 2. Nf3 Nc6 3. Bb5 e6 4. O-O Nge7 5. Re1 a6 6. Bf1 d5 7. d3 h6 8. Nbd2
b6 9. exd5 Nxd5 10. Ne4 Bb7 11. d4 cxd4 12. Nxd4 Nxd4 13. Qxd4 Nb4 14. Qe5 Nxc2
15. Bf4 Qd5 16. Qc7 Rc8 17. Nc3 Qc6 18. Qxc6+ Rxc6 19. Bd3 Nxe1 20. Rxe1 Bd6
21. Be3 b5 22. Be4 Rc7 23. Bb6 Rd7 24. Rd1 Bxe4 0-1

[Event "Rio de Janeiro schev"]
[Site "Rio de Janeiro"]
[Date "1991.09.??"]
[Round "4"]
[White "Toth, Christian Endre"]
[Black "Kramnik, Vladimir"]
[Result "0-1"]
[WhiteElo "2305"]
[BlackElo "2480"]
[PlyCount "62"]
[EventDate "1991.??.??"]
[EventType "schev"]
[EventRounds "12"]
[EventCountry "BRA"]
[SourceTitle "EXT 2003"]
[Source "ChessBase"]
[SourceDate "2002.11.25"]
[SourceVersion "1"]
[SourceVersionDate "2002.11.25"]
[SourceQuality "1"]

1. Nf3 d5 2. d4 c6 3. c4 e6 4. cxd5 exd5 5. Nc3 Bf5 6. Bg5 Be7 7. Bxe7 Qxe7 8.
e3 Nf6 9. Bd3 Bxd3 10. Qxd3 Nbd7 11. O-O O-O 12. Qc2 Rfe8 13. Rab1 Rac8 14.
Rfd1 Ne4 15. b4 Ndf6 16. Nxe4 Nxe4 17. Qd3 a6 18. a4 Nd6 19. Nd2 Qg5 20. Rdc1
Rcd8 21. Nf3 Qh5 22. Ne5 f6 23. Nf3 Re4 24. Qd1 Qh6 25. Qd3 Rde8 26. b5 axb5
27. axb5 Nxb5 28. Rxb5 cxb5 29. Qxb5 Rxe3 30. Qxd5+ Kh8 31. Rb1 Qg6 0-1

[Event "Rio de Janeiro schev"]
[Site "Rio de Janeiro"]
[Date "1991.09.??"]
[Round "5"]
[White "Kramnik, Vladimir"]
[Black "Toth, Christian Endre"]
[Result "1-0"]
[WhiteElo "2480"]
[BlackElo "2305"]
[PlyCount "37"]
[EventDate "1991.??.??"]
[EventType "schev"]
[EventRounds "12"]
[EventCountry "BRA"]
[SourceTitle "EXT 2003"]
[Source "ChessBase"]
[SourceDate "2002.11.25"]
[SourceVersion "1"]
[SourceVersionDate "2002.11.25"]
[SourceQuality "1"]

1. c4 e5 2. Nc3 Nc6 3. Nf3 Nf6 4. g3 g6 5. d4 exd4 6. Nxd4 Nxd4 7. Qxd4 Bg7 8.
Qe3+ Qe7 9. Nb5 Qxe3 10. Bxe3 Kd8 11. Bxa7 b6 12. Bg2 d5 13. cxd5 Bd7 14. d6
Bxb5 15. Bxa8 c6 16. a4 Kd7 17. axb5 Rxa8 18. bxc6+ Kxc6 19. Rc1+ 1-0

[Event "Rio de Janeiro schev"]
[Site "Rio de Janeiro"]
[Date "1991.09.??"]
[Round "6"]
[White "Cunha, Eduardo Arruda da G"]
[Black "Kramnik, Vladimir"]
[Result "0-1"]
[WhiteElo "2320"]
[BlackElo "2480"]
[PlyCount "72"]
[EventDate "1991.??.??"]
[EventType "schev"]
[EventRounds "12"]
[EventCountry "BRA"]
[SourceTitle "EXT 2003"]
[Source "ChessBase"]
[SourceDate "2002.11.25"]
[SourceVersion "1"]
[SourceVersionDate "2002.11.25"]
[SourceQuality "1"]

1. e4 c5 2. Nf3 Nc6 3. Bc4 e6 4. Nc3 a6 5. a4 Nf6 6. d4 d5 7. exd5 exd5 8. Ba2
c4 9. O-O Be7 10. h3 O-O 11. Bf4 Bf5 12. Ne2 Qb6 13. Qc1 Ne4 14. c3 Na5 15. Ng3
Nxg3 16. Bxg3 Rfe8 17. Re1 Bf8 18. Qf4 Bg6 19. Qc7 Qxc7 20. Bxc7 Nb3 21. Bxb3
cxb3 22. Nd2 Bc2 23. a5 Rac8 24. Bf4 f6 25. Nf1 g5 26. Bh2 Rxe1 27. Rxe1 Bd3
28. Ne3 Re8 29. Rd1 Bc4 30. g4 Be2 31. Rd2 Bf3 32. Bc7 Rc8 33. Bg3 Kf7 34. Kf1
Ke6 35. Nf5 Bb4 36. Ke1 Rxc3 0-1